Compendio de artículos técnicos sobre la trayectoria y perspectivas de la integración económica

Gespeichert in:
Bibliographische Detailangaben
Körperschaft: ICAP
Format: Text
Veröffentlicht: San josé: ICAP
Tags: Tag hinzufügen
Keine Tags, Fügen Sie den ersten Tag hinzu!

MARC

LEADER 00000 a a2200000 04500
001 25536
003
040
090 |a 153804  
110 |a ICAP  
245 |a Compendio de artículos técnicos sobre la trayectoria y perspectivas de la integración económica  
260 |a San josé:   |b ICAP  
300 |a p. irreg.  
999 |c 13454  |d 13454